000 00814cam a2200229 i 4500
005 20251108173257.0
008 250721s2006 jo gr 000 0 ara d
082 1 4 _a005.133
_bم ط ي
100 1 _aمطيع، ياسر
_eمؤلف.
245 1 0 _aالبرمجة بلغة C++ /
_cد.ياسر مطيع و[اربعه اخرون]
250 _aالطبعة الاولى.
264 1 _aعمان :
_bمكتبة المجتمع العربي للنشر والتوزيع،
_c2006.
300 _a272 صفحة.
650 1 7 _aلغات برمجة.
650 1 7 _aالحاسوب.
700 1 _aحماد، جاسر
_eمؤلف.
700 1 _aأبو زر، أكرم
_eمؤلف.
700 1 _aجلال، تامر
_eمؤلف.
700 1 _aالغولة، حمزة
_eمؤلف.
942 _2ddc
_cBK
999 _c100175
_d100175